000
00314nam a22001337a 4500
008
181218b xxu||||| |||| 00| 0 eng d
020
_a
9780735613751
041
_a
eng
080
_a
004
100
_a
30
101
_a
SHK
245
_a
Programming Microsoft Visual Basic .net
_c
Francesco.B
942
_2
udc
_c
BK
999
_c
53420
_d
53420